000
00428nam a2200133Ia 4500
008
100328s9999 xx 000 0 und d
082
_b
39834
100
_a
कुंटे प्रभाकर
245
_a
आकाशाची पाऊलवाट
260
_b
पॉप्युलर
630
_a
आकाशाची पाऊलवाट
730
_a
आकाशाची पाऊलवाट
942
_c
BOOK
999
_c
528684
_d
528681